Transfery Legii w letnim okienku transferowym 2021/2022. - Statystyki

Ogólne statystyki
  • Ten quiz został rozwiązany 62 razy
  • Średni wynik to 8 z 10
Statystyki odpowiedzi
Cena Pozycja Narodowość Poprzedni Klub Piłkarz % Poprawnych
Za darmo Ofensywny pomocnik Portugalia Hapoel Beer Sheva Josue
95%
Wypozyczenie Środkowy obrońca Polska Werder Brema II Nawrocki
95%
Za darmo Środkowy napastnik Azerbejdżan Qarabag Emreli
91%
600 tys Środkowy obrońca Mauritius Aris Saloniki Rose
91%
Za darmo Prawy obrońca Szwecja Genclerbirligi Johansson
86%
Za darmo Środkowy obrońca Izrael Zoria Ługańsk Abu Hanna
80%
1,30 mln Prawy napastnik Kosowo Dinamo Zagrzeb Kastrati
80%
Za darmo Lewy obrońca Portugalia Nottingham Forest Ribeiro
77%
250 tys Środkowy pomocnik Albania KF Tirana Celhaka
75%
900 tys Defensywny pomocnik Ukraina Ferencvaros Kharatin
73%
Nie znaleziono quizów pasujących do podanych kryteriów
Rozkład punktacji
Procent ludzi z każdym wynikiem
Percentyl według liczby udzielonych odpowiedzi
Twoja historia wyników
Nie rozwiązałeś tego quizu